Statistics for Countries with Pyramids

Click here to take the quiz!

General Stats

  • This quiz has been taken 146 times
    (125 since last reset)
  • The average score is 12 of 17

Answer Stats

Answer% Correct
Eastern HemisphereEgypt
99%
Western HemisphereMexico
95%
Western HemisphereUnited States
89%
Western HemisphereGuatemala
84%
Eastern HemisphereChina
83%
Western HemisphereHonduras
81%
Western HemispherePeru
81%
Eastern HemisphereSudan
81%
Eastern HemisphereIndia
79%
Western HemisphereEl Salvador
77%
Western HemisphereBelize
74%
Eastern HemisphereIndonesia
59%
Eastern HemisphereCambodia
53%
Eastern HemisphereGreece
40%
Eastern HemisphereItaly
40%
Eastern HemisphereSpain
32%
Eastern HemisphereNigeria
28%

Score Distribution

Percentile by Number Answered

Percent of People with Each Score

Your Score History

You have not taken this quiz since the last reset